Statistiken für AdventskaLänder

Klicken Sie hier um das Quiz zu spielen!

Allgemein

  • Dieses Quiz wurde 5 mal gespielt
  • Das Durchschnittsergebnis liegt bei 6 aus 17

Antwortstatistiken

HintAntwort% Korrekt
Welcher Kontinent trat definitiv nicht im AdventskaLänder auf?Antarktis
80%
Wie viele Amtssprachen hat Mauritius?0
40%
Wie heißt die Hauptstadt von Kirgisistan?Bischkek
40%
Was gilt als Nationalsport Guyanas?Cricket
40%
Bhutan wird auch das Reich des ... genannt? (Tipp: D)Donnerdrachen
40%
Fandest du den AdventskaLänder gelungen?Joa
40%
Wie nennt man das getrocknete Nährstoffgewebe einer Kokosnuss?Kopra
40%
Zu welchem Archipel gehören unter anderem Osttimor und Brunei?Malaiisch
40%
Welches war das bevölkerungsreichste?Malawi
40%
Was war das größte Land des AdventskaLänders?Mauretanien
40%
Aus welcher Inselgruppe Südostasiens/Ozeaniens hatten wir sogar zwei Inseln?Mikronesien
40%
Welche Religion hat Benin den weltweit höchsten Anteil?Voodoo
40%
Wie heißt der Fußballverein der Stadt, die sowohl von Fläche als auch Einwohnerzahl mit Malta vergleichbar ist?Werder
40%
Welche der AdventskaLänder Nationen ist nach einem Fluss benannt?Moldau
20%
Hiri Motu, Tok Pisin und Englisch sind die Amtssprachen von?Papua Neuguinea
20%
Wie heißt die Währung von Kap Verde?Escudo
0%
Welches Land war Türchen 17?Eswatini
0%

Verteilung der Resultate

Perzentil nach korrekt beantworteten Fragen

Anzahl Personen mit jedem Resultat

Ihre Resultats-Entwicklung

Sie haben dieses Quiz noch nicht gespielt